Famous Replacements Quiz Stats

Quiz Updated Dec 5, 2012

Also try: Role Replacement
Challenge
Share
Tweet
Embed
Score 0/20 Timer 02:00
0 Plays Today
% Correct
Edward VI
82.8%
Ashton Kutcher
82.4%
Roger Moore
78.6%
Jay Leno
76.9%
Chester A. Arthur
73.4%
Winston Churchill
71.9%
Drew Carey
71%
Steve Young
65.7%
Hosni Mubarak
65.1%
Kofi Annan
63.7%
% Correct
Ringo Starr
63.2%
Dick Sargent
60.7%
John Roberts
53.1%
Joseph Ratzinger
50.5%
Michael Gambon
49.2%
Harry Morgan
46.7%
Lou Gehrig
45.4%
John Williams
38.8%
Eric Clapton
34.4%
Robert Frost
31.1%

You're not logged in!

Compare scores with friends on all Sporcle quizzes.
Sign Up with Email
OR
Log In

You Might Also Like...

Show Comments

Extras

Top Quizzes Today


Score Distribution

Your Account Isn't Verified!

In order to create a playlist on Sporcle, you need to verify the email address you used during registration. Go to your Sporcle Settings to finish the process.